Pädagogische Warte

Elmentve itt :
Bibliográfiai részletek
Szerző: Jármai Vilmos
Dokumentumtípus: Cikk
Megjelent: 1936
Sorozat:A cselekvés iskolája 4
Kulcsszavak:Neveléstudomány
Online Access:http://acta.bibl.u-szeged.hu/33456
LEADER 00546nab a2200169 i 4500
001 acta33456
005 20210722092354.0
008 161017s1936 hu o 0|| hun d
040 |a SZTE Egyetemi Kiadványok Repozitórium  |b hun 
041 |a hun 
100 1 |a Jármai Vilmos 
245 1 0 |a Pädagogische Warte  |h [elektronikus dokumentum] /  |c  Jármai Vilmos 
260 |c 1936 
300 |a 228-233 
490 0 |a A cselekvés iskolája  |v 4 
695 |a Neveléstudomány 
856 4 0 |u http://acta.bibl.u-szeged.hu/33456/1/cselekves_004_228-233.pdf  |z Dokumentum-elérés